000 00629cam a2200205 a 4500
001 15982472
005 20250404143411.0
008 091113s2009 enk b 001 0 eng
020 _a9781841138022 (pbk.)
050 0 0 _aKD3009
_b.D43 2009
100 1 _aDeakin, S. F.
_q(Simon F.)
245 1 0 _aLabour law /
_cSimon Deakin and Gillian S. Morris.
250 _a5th ed.
260 _aOxford ;
_aPortland, Or. :
_bHart Pub.,
_cc2009.
300 _alxxviii, 1094 p. ;
_c25 cm.
500 _aincludes index
650 0 _aLabor laws and legislation
_zGreat Britain.
700 1 _aMorris, Gillian S.,
_d1953-
942 _2lcc
_cBK
_e5th
_n0
999 _c5352
_d5352